The Last Shadow Puppets Lyrics - Calm Like You - Statistics

General Stats
  • This quiz has been taken 45 times
  • The average score is 167 of 211
Answer Stats
Lyrics % Correct
a
100%
I
100%
the
100%
The
100%
you
100%
and
96%
And
96%
your
96%
calm
92%
can
92%
he
92%
in
92%
In
92%
like
92%
still
92%
that
92%
That
92%
to
92%
was
92%
when
92%
all
88%
All
88%
No
88%
remember
88%
then
88%
Then
88%
were
88%
city
83%
had
83%
if
83%
If
83%
Oh,
83%
say
83%
they
83%
get
79%
goodbye
79%
know
79%
now
79%
Now
79%
of
79%
am
75%
exciting
75%
inside
75%
up
75%
couldn't
71%
fireworks,
71%
frost
71%
knew
71%
made
71%
smelt
71%
well
71%
with
71%
young,
71%
feelings
67%
felt
67%
for
67%
his
67%
keep
67%
Locked
67%
moment
67%
on
67%
promises
67%
Summertime
67%
aroma
63%
cost
63%
demands
63%
drops
63%
it
63%
making
63%
saying
63%
skies,
63%
too
63%
whiff
63%
climbing
58%
craving
58%
hands
58%
heartbreak
58%
he'd
58%
thinking
58%
toffee
58%
train
58%
while
58%
you're
58%
Accidents
54%
fairytale
54%
mountain
54%
pictures
54%
regard
54%
royal
54%
far
50%
loops
50%
full
46%
moments
46%
steep
46%
Burglary
42%
Colouring
42%
alighting
38%
No matching quizzes found
Score Distribution
Percent of People with Each Score
Percentile by Number Answered
Your Score History
You have not taken this quiz